LEADER 01308nam a2200301 i 4500 001 000000354195 003 CaOOAMICUS 005 20230612143608.0 008 230612s2014 it u100 u ita u 020 $a978-88-6879-106-3 040 $aSeMil$bita 245 00$aMisericordia, veritŕ pastorale /$ca cura di Juan José Pérez-Soba. 264 1$aSiena :$bCantagalli,$c2014. 300 $a289 p. ;$c24 cm. 490 1 $aAmore umano ;$v23 500 $aRelazioni presentate al Convegno tenuto a Roma 29-30 maggio 2014 650 4$aMatrimonio - Concezione cristiana.$0(OLS)http://semarc/subject/383 650 4$aMatrimonio - Atti di congressi.$0(OLS)http://semarc/subject/32359 700 1 $aPérez-Soba, Juan-José.$0(OLS)http://semarc/name/59216 830 0$aAmore umano ;$v23.$0(OLS)http://semarc/title/419338 850 $aSeMil 852 $aSeMil$W1$xVenegono$y1$m2MA H 23$j241373$B245440$CSeMilBibl$Z2$F245440 $81 900 1 $aPérez-Soba, Juan-José : del Corral. 996 $6020$a978-88-6879-106-3$9(OLS)http://semarc/number/298339 996 $6245$aMisericordia, veritŕ pastorale$9(OLS)http://semarc/title/444334 996 $6264$aSiena :$bCantagalli$9(OLS)http://semarc/publisher/29767 LEADER 01273nam a2200277 i 4500 001 000000113673 003 CaOOAMICUS 005 20030331000000.0 008 030331s1982 it u000 u ita u 013 $a86359 020 $a88-280-0006-6 040 $aSeMil$bita 100 1 $aKatunarich, Sergio M. .$0(OLS)http://semarc/name/47568 245 13$aLo spirito del dialogo ebraico-cristiano in Samuel Sandmel /$cauctore Sergio M. Katunarich. 260 $aMilano :$bMarzorati,$ccopyr. 1982. 300 $aXXIV, 284 p. ;$c24 cm. 500 $aIn prel. : Dedica autogr. dell'Autore. - Contiene : Notizie biografiche su Samuel Sandmel ; [3] Appendici ; Bibliografia. - Fondo Card. C.M. Martini. 600 14$aSandmel, Samuel <1911-1979>.$0(OLS)http://semarc/subject/20641 650 4$aCristianesimo e ebraismo.$0(OLS)http://semarc/subject/44782 850 $aSeMil 852 $aSeMil$W1$xVenegono$y1$m2R IV 14$j69336$B69336$CSeMilBibl$Z2$F84116 $81 941 1 $a4 961 $aOmaggio: Martini Card. Carlo Maria 996 $6020$a88-280-0006-6$9(OLS)http://semarc/number/96729 996 $6245$aLo spirito del dialogo ebraico-cristiano in Samuel Sandmel$9(OLS)http://semarc/title/166009 996 $6260$aMilano :$bMarzorati$9(OLS)http://semarc/publisher/29683